000 00306nam a22001337a 4500
008 181010b xxu||||| |||| 00| 0 eng d
020 _a842250271
041 _aeng
080 _a159.9
100 _a48
101 _aPSI
245 _aFoundations of Exmperimental Psychology
_cKalat,J.W
942 _2udc
_cBK
999 _c49264
_d49264